| 000 | 00519nam a2200181Ia 4500 | ||
|---|---|---|---|
| 001 | 23528 | ||
| 005 | 20260414150943.0 | ||
| 008 | 260414t2010||||xx |||||||||||||| ||spa|| | ||
| 041 | _aESP | ||
| 082 |
_a660.284 _bC84 |
||
| 100 |
_aCosta López, J. _eAUT |
||
| 245 | 0 |
_aCurso de ingeniería química : _bintroducción a los procesos, las operaciones unitarias y los fenómenos de transporte |
|
| 260 | _c2010 | ||
| 300 |
_axv, 440 páginas : _c24 cm. |
||
| 650 | _aTCA | ||
| 654 | _aCII | ||
| 942 |
_cLIB _dJUS _fJUS _2ddc _n |
||
| 999 |
_c23528 _d23528 |
||